| 000 | 00977 a2200205 4500 | ||
|---|---|---|---|
| 003 | NUST | ||
| 005 | 20221128172751.0 | ||
| 010 | _a 83006694 | ||
| 020 | _a0313240647 (lib. bdg.) | ||
| 040 | _cNust | ||
| 082 | 0 | 0 | _a531,SLA |
| 100 | 1 |
_aSlater, John C. _9103732 |
|
| 245 | 1 | 0 |
_aMechanics / _cJohn C. Slater and Nathaniel H. Frank. |
| 260 |
_aWestport, Conn. : _bGreenwood Press, _c1947. |
||
| 300 |
_axiii, 295 p. : _bill. ; _c22 cm. |
||
| 505 | _aThe Linear Motion Of A Particle (Page-1), The Linear Oscillator (Page-21), Motion In Two And Three Dimensions (Page-43), The Motion Of Rigid Bodies (Page-89),The Motion Of A Symmetrical Rigid Body (Page-107), Coupled Systems And Normal Coordinates (Page-122), The Vibrating String (Page-143), Wave Propagation In The String (Page-163), The Vibrating Membrane (Page-193), Flow Of Fluids (Page-224). | ||
| 650 | 0 |
_aMechanics, Analytic. _939816 |
|
| 700 | 1 |
_aFrank, Nathaniel Herman, _d1903- _9103733 |
|
| 942 |
_2ddc _cBK _k531,SLA |
||
| 999 |
_c183874 _d183874 |
||